| 000 | 00562nam a22001697a 4500 | ||
|---|---|---|---|
| 003 | OSt | ||
| 005 | 20240925234000.0 | ||
| 008 | 240925b |||||||| |||| 00| 0 eng d | ||
| 040 | _c0 | ||
| 082 | _aDPer 050 R22 2000 January-May 2023 v123 no. 719-723 | ||
| 100 |
_a Petschull, Jurgen. _eauthor. _961658 |
||
| 245 |
_aThe great ballon escape / _cJurgen Petschull. |
||
| 260 |
_aTaipei ; _bTaipei ; Reader's Digest Asia, _cJanuary 2023. |
||
| 300 |
_aVolume 123, pages 109-116, _billustration. |
||
| 700 |
_a Petschull, Jurgen. _eauthor. _961658 |
||
| 942 |
_2ddc _cPER |
||
| 999 |
_c21872 _d21872 |
||